000 00233 a2200097 4500
001 60090
100 _a
245 _aJinnah India Partition Independence
260 _aNew Delhi
_bRekha Printers
_c2009
090 _c36867
_d36867
942 _aNUST-CAE
_cMONOGRAPH
_c29854
999 _c295163
_d295163